W którym wieku żył ten człowiek - Statystyki

Ogólne statystyki
  • Ten quiz został rozwiązany 10 razy
  • Średni wynik to 9 z 15
Statystyki odpowiedzi
Zagadnienie Odpowiedź % Poprawnych
Winston Churchill XIX ne, XX ne
100%
Adolf Hitler XIX ne, XX ne
90%
Józef Stalin XIX ne, XX ne
90%
Juliusz Cezar I pne
70%
Aleksander Wielki IV pne
70%
Ramzes II XIV pne, XIII pne
70%
Abraham Lincoln XiX ne
70%
Napoleon Bonaparte XVIII ne, XIX ne
70%
Krzysztof Kolumb XV ne, XVI ne
60%
Vasco Da Gama XV ne, XVI ne
50%
Karol Wielki VIII ne, IX ne
40%
James Cook XVIII ne
40%
Otton I IX ne
30%
Wiktoria I XIX ne, XX ne
30%
Sokrates V pne, IV pne
20%
Nie znaleziono quizów pasujących do podanych kryteriów
Rozkład punktacji
Procent ludzi z każdym wynikiem
Percentyl według liczby udzielonych odpowiedzi
Twoja historia wyników
Nie rozwiązałeś tego quizu